Enzymatic Production of Lactones

Salvato in:
Dettagli Bibliografici
Autore principale: Holienka, Karol (Autore)
Altri autori: Illeová, Viera (Relatore della tesi)
Natura: Manoscritto Libro
Lingua:slovacco
inglese
Pubblicazione: 2025
Soggetti:
Accesso online:http://is.stuba.sk/zp/portal_zp.pl?podrobnosti=184319
Tags: Aggiungi Tag
Nessun Tag, puoi essere il primo ad aggiungerne!!

MARC

LEADER 00000ntm a22000003a 4500
001 stuzp105168
003 SK-STU
005 20250607211232.3
007 ta
008 150427s2015----xo-----f-mn---000-0-slo-d
040 |a STU  |b slo 
041 0 |a eng 
100 1 |a Holienka, Karol  |u 046230  |4 aut  |U FCHPT Ústav chemického a environmentálneho inžinierstva  |T FCHPT Oddelenie chemického a biochemického inžinierstva  |X 98970  |U C6230  |Y 119  |7 98970 
242 0 1 |a Enzymatická produkcia laktónov  |y slo 
245 1 0 |a Enzymatic Production of Lactones 
260 |c 2025 
650 4 |a lactones  |2 eng 
650 4 |a whole-cell biocatalyst  |2 eng 
650 4 |a enzymatic cascade  |2 eng 
650 4 |a Baeyer-Villiger oxidation  |2 eng 
650 4 |a laktóny  |2 slo 
650 4 |a celobunková biokatalýza  |2 slo 
650 4 |a enzymatická kaskáda  |2 slo 
650 4 |a Baeyerova-Villigerova oxidácia  |2 slo 
700 1 |a Illeová, Viera  |u 046230  |k Z2  |4 ths  |U FCHPT Ústav chemického a environmentálneho inžinierstva  |T FCHPT Oddelenie chemického a biochemického inžinierstva  |X 3981  |U C6230  |Y 119  |7 A000003981 
856 4 |u http://is.stuba.sk/zp/portal_zp.pl?podrobnosti=184319